| 000 | 00739nam a2200265 i 4500 | ||
|---|---|---|---|
| 001 | C2-0293587 | ||
| 003 | PPAK | ||
| 005 | 20180728025414.0 | ||
| 008 | 090202s2007 xxca|||| ||||| | eng d | ||
| 020 | _a9780778729136 | ||
| 040 |
_aPPAK _beng _cPPAK _erda |
||
| 082 | 0 | 4 |
_a621.45 _223 |
| 090 | 0 | 0 |
_a621.45 _bWAL _dR |
| 100 | 1 |
_aWalker, Niki, _eauthor |
|
| 245 | 1 | 0 | _aGenerating wind power |
| 264 | 1 |
_aCanada : _bCrabtree Publishing , _c2007 |
|
| 300 |
_a32 pages : _bcolour illustrations ; _c28 cm |
||
| 336 |
_2rdacontent _atext |
||
| 337 |
_2rdamedia _aunmediated |
||
| 338 |
_2rdacarrier _avolume |
||
| 490 | 1 | _aEnergy revolution | |
| 650 | 1 | 0 | _aWind power - Juvenile literature |
| 830 | 0 | _aEnergy revolution | |
| 942 |
_ddc _cB |
||
| 999 |
_c98276 _d98276 |
||